Złoci medaliści zimowych igrzysk olimpijskich - nagła śmierć - Statystyki

Ogólne statystyki
  • Ten quiz został rozwiązany 152 razy
  • Średni wynik to 6 z 13
Answers on the Grid
Answers color-coded by a green-red scale on the quiz's grid according to % correct below.
Justyna Kowalczyk
Janne Ahonen
Kamil Stoch
Ole Einar Bjørndalen
Marit Bjørgen
Adam Małysz
Johannes Klæbo
Tomasz Sikora
Michael Hayböck
Lindsey Vonn
Weronika Nowakowska
Therese Johaug
Noriaki Kasai
Wojciech Fortuna
Maciej Kot
Piotr Żyła
Sylwia Jaśkowiec
Izabela Marcisz
Zbigniew Bródka
Jan Ziobro
Petra Majdič
Simon Ammann
Roman Koudelka
Ryōyū Kobayashi
Jarl Magnus Riiber
Martin Fourcade
Apoloniusz Tajner
Charlotte Kalla
 
Statystyki odpowiedzi
Odpowiedź % Poprawnych
Justyna Kowalczyk
98%
Kamil Stoch
77%
Marit Bjørgen
60%
Wojciech Fortuna
52%
Ole Einar Bjørndalen
50%
Simon Ammann
47%
Zbigniew Bródka
45%
Lindsey Vonn
44%
Therese Johaug
34%
Ryōyū Kobayashi
32%
Johannes Klæbo
24%
Martin Fourcade
23%
Charlotte Kalla
15%
Nie znaleziono quizów pasujących do podanych kryteriów
Rozkład punktacji
Procent ludzi z każdym wynikiem
Percentyl według liczby udzielonych odpowiedzi
Twoja historia wyników
Nie rozwiązałeś tego quizu